Bút ký Tô Hoài

Sparad:
Bibliografiska uppgifter
Materialtyp: Bok
Publicerad: 2004
Taggar: Lägg till en tagg
Inga taggar, Lägg till första taggen!
Thư viện lưu trữ: Mạng thư viện Đại học Đà Nẵng
LEADER 00423nam a22001811a 4500
001 000040839
003 17134
005 20160412023659.0
008 160412s2004 000
082 |a V(23)21-22 
245 |a Bút ký Tô Hoài  |c Tô Hoài 
260 |c 2004 
OWN |a LNN 
999 |a From the UDN01 
TYP |a Monograph 
980 |a Mạng thư viện Đại học Đà Nẵng